| 000 | 00973nam a22002775a 4500 | ||
|---|---|---|---|
| 003 | OSt | ||
| 005 | 20170522125419.0 | ||
| 008 | 170517s2014 su grb 000 00 ara d | ||
| 015 | _a1435 / 1986 | ||
| 020 | _a9786035036658 | ||
| 040 |
_aEG-ScBUE _bara _cEG-ScBUE _dEG-ScBUE |
||
| 082 | 0 | 4 |
_a302.23 _bب ش ر _222 |
| 100 | 1 | _aبشر،محمد بن سعود. | |
| 245 | 1 | 0 |
_aنظريات التأثير الإعلامي / _cمحمد بن سعود البشر. |
| 250 | _aط. 1. | ||
| 260 |
_aالرياض : _bالعبيكان للنشر، _c2014. |
||
| 300 |
_a192 ص. ؛ _c24 سم. |
||
| 504 | _aيشتمل على إرجاعات ببليوجرافية. | ||
| 650 | 7 |
_2BUEsh _aالإعلام والمجتمع. |
|
| 650 | 7 |
_2BUEsh _aالإعلام _xجوانب اجتماعية. |
|
| 650 | 7 |
_2BUEsh _aوسائل الإعلام _xجوانب اجتماعية. |
|
| 650 | 7 |
_aالإعلام _xفلسفة. _2BUEsh |
|
| 651 | _2BUEsh | ||
| 653 |
_bGGEN _cMay2017 |
||
| 942 | _2ddc | ||
| 999 |
_c24852 _d24824 |
||